Southville International School and Colleges
Your cart is empty.
  • Cart
  • Lists
    Public lists Eva Luna New books Lux_list list_1
    Your lists Log in to create your own lists
  • Log in to your account
  • Your cookies
  • Search history
Southville International School and Colleges
  • Advanced search
  • Recent comments
  • Most popular
  • Libraries

Log in to your account

Log in with GOOGLE


If you do not have an external account, but do have a local account, you can still log in:

  1. Home
  2. MARC view: On the shoulders of giants :
Normal view MARC view ISBD view

On the shoulders of giants : (Record no. 2165)

[ view plain ]
MARC details
000 -LEADER
fixed length control field 01735cam a22003734a 4500
001 - CONTROL NUMBER
control field 12643009
003 - CONTROL NUMBER IDENTIFIER
control field OSt
005 - DATE AND TIME OF LATEST TRANSACTION
control field 20140310181725.0
008 - FIXED-LENGTH DATA ELEMENTS--GENERAL INFORMATION
fixed length control field 020112s2002 paua b 000 0 eng
010 ## - LIBRARY OF CONGRESS CONTROL NUMBER
LC control number 2002100441
020 ## - INTERNATIONAL STANDARD BOOK NUMBER
International Standard Book Number 076241698X
035 ## - SYSTEM CONTROL NUMBER
System control number (DLC) 2002100441
040 ## - CATALOGING SOURCE
Original cataloging agency DLC
Transcribing agency DLC
Modifying agency DLC
041 1# - LANGUAGE CODE
Language code of text/sound track or separate title eng
Language code of original and/or intermediate translations of text mul
042 ## - AUTHENTICATION CODE
Authentication code pcc
050 00 - LIBRARY OF CONGRESS CALL NUMBER
Classification number QC 19
Item number .H392 2002
082 00 - DEWEY DECIMAL CLASSIFICATION NUMBER
Classification number IB 520.22
Item number H31 2002
245 00 - TITLE STATEMENT
Title On the shoulders of giants :
Remainder of title the great works of physics and astronomy /
Statement of responsibility, etc edited, with commentary, by Stephen Hawking.
260 ## - PUBLICATION, DISTRIBUTION, ETC. (IMPRINT)
Place of publication, distribution, etc Philadelphia, Pennsylvania :
Name of publisher, distributor, etc Running Press Book Publishers,
Date of publication, distribution, etc c2002.
300 ## - PHYSICAL DESCRIPTION
Extent xiii, 1264 p. :
Other physical details ill. ;
Dimensions 23 cm.
504 ## - BIBLIOGRAPHY, ETC. NOTE
Bibliography, etc Includes bibliographical references.
505 0# - FORMATTED CONTENTS NOTE
Formatted contents note Nicolaus Copernicus (1473-1543): His life and work; On the revolution of heavenly spheres -- Galileo Galilei (1564-1642): His life and work; Dialogues concerning two sciences -- Johannes Kepler (1571-1630): His life and work; Harmony of the world, Book 5 -- Sir Isaac Newton (1643-1727): His life and work; Principia --- Albert Einstein (1879-1955): His life and work; Selections from The principle of relativity.
521 ## - TARGET AUDIENCE NOTE
Target audience note
541 ## - IMMEDIATE SOURCE OF ACQUISITION NOTE
-- 1
562 ## - COPY AND VERSION IDENTIFICATION NOTE
Number of copies 1
650 #0 - SUBJECT ADDED ENTRY--TOPICAL TERM
Topical term or geographic name as entry element Physics.
650 #0 - SUBJECT ADDED ENTRY--TOPICAL TERM
Topical term or geographic name as entry element Astronomy.
700 1# - ADDED ENTRY--PERSONAL NAME
Personal name Hawking, S. W.
Fuller form of name (Stephen W.)
856 41 - ELECTRONIC LOCATION AND ACCESS
Materials specified Table of contents
Uniform Resource Identifier <a href="http://www.loc.gov/catdir/toc/fy036/2002100441.html">http://www.loc.gov/catdir/toc/fy036/2002100441.html</a>
856 42 - ELECTRONIC LOCATION AND ACCESS
Materials specified Publisher description
Uniform Resource Identifier <a href="http://www.loc.gov/catdir/enhancements/fy0832/2002100441-d.html">http://www.loc.gov/catdir/enhancements/fy0832/2002100441-d.html</a>
906 ## - LOCAL DATA ELEMENT F, LDF (RLIN)
a 7
b cbc
c orignew
d 2
e epcn
f 20
g y-gencatlg
942 ## - ADDED ENTRY ELEMENTS (KOHA)
Source of classification or shelving scheme Library of Congress Classification
Koha item type
Call number prefix
Holdings
Withdrawn status Lost status Source of classification or shelving scheme Damaged status Home library Current library Shelving location Date acquired Total Checkouts Full call number Barcode Date last seen Copy number Price effective from Koha item type
    Library of Congress Classification   Luxembourg Library Luxembourg Library International Baccalaureate Section 06/22/2013   QC 19 .H392 2002 16754 08/13/2013 1 10/03/2013 Books

On the shoulders of giants :

APA

Hawking S. W., . (2002). On the shoulders of giants. Philadelphia, Pennsylvania: Running Press Book Publishers.

Chicago

Hawking S W, . 2002. On the shoulders of giants. Philadelphia, Pennsylvania: Running Press Book Publishers.

Harvard

Hawking S. W., . (2002). On the shoulders of giants. Philadelphia, Pennsylvania: Running Press Book Publishers.

MLA

Hawking S W, . On the shoulders of giants. Philadelphia, Pennsylvania: Running Press Book Publishers. 2002.

  • Place hold
  • Print
  • Cite
  • Add to your cart (remove)
  • Save record
    BIBTEX Dublin Core MARCXML MARC (non-Unicode/MARC-8) MARC (Unicode/UTF-8) MARC (Unicode/UTF-8, Standard) MODS (XML) RIS
  • More searches
    Search for this title in:
    Other Libraries (WorldCat) Other Databases (Google Scholar) Online Stores (Bookfinder.com) Open Library (openlibrary.org)

Exporting to Dublin Core...

SOUTHVILLE LIBRARY

Southville International School and Colleges Library

1281 Tropical Ave. Cor. Luxembourg St., BF Homes International, Las Pinas City

Tel. No. 8256374 / 252358 Loc. 117/146

Powered by Koha